000 00290nam a22001337a 4500
008 171011b xxu||||| |||| 00| 0 eng d
020 _a9780130274137
041 _aeng
080 _23 ED
_a316
100 _a50
101 _aSOC
245 _aSOCILOLGY
_cMACIONIS.J.J
942 _2udc
_cBK
999 _c33167
_d33167